[Event "Untergrombach op 38th"]
[Site "Untergrombach"]
[Date "2022.01.07"]
[Round "6"]
[White "Roebers, Eline"]
[Black "Menacher, Manfred"]
[Result "1-0"]
[WhiteElo "2365"]
[BlackElo "2266"]
[PlyCount "79"]
[EventDate "2022.01.04"]
[EventType "swiss"]
[EventRounds "7"]
[EventCountry "GER"]
[SourceTitle "EXT 2023"]
[Source "ChessBase"]
[SourceDate "2022.10.05"]
[SourceVersion "1"]
[SourceVersionDate "2022.10.05"]
[SourceQuality "1"]

1. e4 c5 2. Nf3 e6 3. d4 cxd4 4. Nxd4 a6 5. Bd3 Qc7 6. Qe2 d6 7. f4 Nd7 8. c4 Ngf6 9. Nc3 Be7 10. 0-0 h5 11. Kh1 b6 12. Bd2 Bb7 13. b4 h4 14. a3 Kf8 15. Rae1 Kg8 16. Kg1 Rd8 17. Rf3 Qb8 18. Rh3 Qa8 19. Nf3 Ng4 20. Nd4 Ngf6 21. Bb1 Nf8 22. Ba2 Rd7 23. f5 exf5 24. Nxf5 Ng6 25. Bg5 Qd8 26. c5 dxc5 27. e5 cxb4 28. axb4 Nh7 29. Bxe7 Rxe7 30. Nxe7+ Qxe7 31. e6 f5 32. Rd3 Nf4 33. Rd8+ Nf8 34. Qd2 Qg5 35. Rxf8+ Kh7 36. Rxh8+ Kxh8 37. e7 Bxg2 38. e8Q+ Kh7 39. Qxf4 Qxf4 40. Qh5+ 1-0

[Event "Untergrombach op 38th"]
[Site "Untergrombach"]
[Date "2022.01.07"]
[Round "5"]
[White "Stork, Oliver"]
[Black "Menacher, Manfred"]
[Result "0-1"]
[WhiteElo "2291"]
[BlackElo "2266"]
[PlyCount "118"]
[EventDate "2022.01.04"]
[EventType "swiss"]
[EventRounds "7"]
[EventCountry "GER"]
[SourceTitle "EXT 2023"]
[Source "ChessBase"]
[SourceDate "2022.10.05"]
[SourceVersion "1"]
[SourceVersionDate "2022.10.05"]
[SourceQuality "1"]

1. c4 e5 2. Nc3 Nf6 3. Nf3 Nc6 4. e3 Be7 5. d4 d6 6. d5 Nb8 7. e4 0-0 8. Be2 Na6 9. 0-0 Ne8 10. Be3 g6 11. c5 Nxc5 12. Bxc5 dxc5 13. Nxe5 Bf6 14. Nc4 Nd6 15. Bd3 Re8 16. Qc2 b6 17. Rae1 Ba6 18. b3 Bxc4 19. bxc4 Bd4 20. Kh1 Qh4 21. f4 Nf5 22. Ne2 Ne3 23. Qc1 Nxf1 24. Rxf1 Bg7 25. e5 f6 26. e6 f5 27. Ng1 Qf6 28. Nf3 Qc3 29. Qb1 Re7 30. h3 Rf8 31. Re1 Qb2 32. Qxb2 Bxb2 33. Bc2 Bc3 34. Re3 Bb2 35. Re2 b5 36. cxb5 c4 37. Ba4 Bf6 38. b6 axb6 39. Bc6 Rd8 40. Rc2 b5 41. Ne5 Rd6 42. a4 Bxe5 43. fxe5 Rxc6 44. dxc6 bxa4 45. Rxc4 Rxe6 46. Rxa4 Rxc6 47. g4 fxg4 48. hxg4 Kf7 49. Kg2 Rc5 50. Ra8 Rxe5 51. Rh8 Kg7 52. Rc8 Re7 53. Kf3 Kf6 54. Ra8 Kg5 55. Rf8 Rd7 56. Rh8 h6 57. Ke4 Rf7 58. Ke3 c5 59. Rc8 Kxg4 0-1

[Event "Regionalliga NO 1617"]
[Site "Bayern"]
[Date "2016.12.04"]
[Round "3.2"]
[White "Just, Hannes"]
[Black "Menacher, Manfred"]
[Result "1-0"]
[WhiteElo "2103"]
[BlackElo "2224"]
[PlyCount "31"]
[EventDate "2016.10.16"]
[EventType "team-tourn"]
[EventRounds "9"]
[EventCountry "GER"]
[SourceTitle "EXT 2019"]
[Source "ChessBase"]
[SourceDate "2018.10.10"]
[SourceVersion "1"]
[SourceVersionDate "2018.10.10"]
[SourceQuality "1"]
[WhiteTeam "Nuernberg Sued SW II"]
[BlackTeam "Regensburg Bavaria"]
[WhiteTeamCountry "GER"]
[BlackTeamCountry "GER"]

1. Nf3 Nf6 2. g3 b6 3. Bg2 Bb7 4. c4 e6 5. 0-0 Be7 6. d4 0-0 7. d5 exd5 8. Nh4 c6 9. cxd5 Nxd5 10. Nf5 Na6 11. Qd4 Bf6 12. Qg4 d6 13. Nd2 Bc8 14. Ne4 Be5 15. Bg5 Qd7 16. Bf6 1-0

[Event "Regionalliga NO 1516"]
[Site "Bayern"]
[Date "2016.01.17"]
[Round "5.3"]
[White "Menacher, Manfred"]
[Black "Stoeckl, Stephan"]
[Result "1-0"]
[WhiteElo "2201"]
[BlackElo "2061"]
[PlyCount "43"]
[EventDate "2015.10.11"]
[EventType "team-tourn"]
[EventRounds "9"]
[EventCountry "GER"]
[SourceTitle "EXT 2018"]
[Source "ChessBase"]
[SourceDate "2017.10.13"]
[SourceVersion "1"]
[SourceVersionDate "2017.10.13"]
[SourceQuality "1"]
[WhiteTeam "Regensburg Bavaria"]
[BlackTeam "Schwandorf"]
[WhiteTeamCountry "GER"]
[BlackTeamCountry "GER"]

1. d4 Nf6 2. Nf3 e6 3. c4 b6 4. g3 Ba6 5. Qa4 c5 6. Bg2 Bb7 7. 0-0 Qc8 8. Nc3 Na6 9. Bf4 cxd4 10. Nb5 Qc6 11. Nh4 d5 12. cxd5 Nxd5 13. Rac1 Nc5 14. Nc7+ Kd8 15. Qxc6 Bxc6 16. Nxa8 Bxa8 17. Be5 d3 18. e4 Nb4 19. Rfd1 Nxe4 20. a3 d2 21. axb4 Bd6 22. Rc4 1-0

[Event "Naumburg Osteropen 9th"]
[Site "Naumburg Saale"]
[Date "2014.04.19"]
[Round "1.1"]
[White "Deutsch, Joey"]
[Black "Menacher, Manfred"]
[Result "0-1"]
[WhiteElo "1834"]
[BlackElo "2263"]
[PlyCount "66"]
[EventDate "2014.04.19"]
[EventType "swiss"]
[EventRounds "5"]
[EventCountry "GER"]
[SourceTitle "EXT 2020"]
[Source "ChessBase"]
[SourceDate "2019.10.17"]
[SourceVersion "1"]
[SourceVersionDate "2019.10.17"]
[SourceQuality "1"]

1. e4 c5 2. Nc3 Nc6 3. g3 g6 4. Bg2 Bg7 5. d3 d6 6. f4 e5 7. Nf3 Nge7 8. 0-0 exf4 9. Bxf4 0-0 10. Qd2 Bg4 11. Bh6 Qd7 12. Bxg7 Kxg7 13. Ne2 Rae8 14. Qc3+ Kg8 15. Qf6 Nb4 16. Ng5 Ned5 17. exd5 Bxe2 18. Rf4 Qe7 19. Ne4 Nxc2 20. Qc3 Nd4 21. Nf6+ Kg7 22. Nxe8+ Rxe8 23. Re4 Qd8 24. Rxe8 Qxe8 25. Re1 Qe3+ 26. Kh1 Qf2 27. b4 b6 28. bxc5 bxc5 29. Rb1 Bf3 30. Bxf3 Qxf3+ 31. Kg1 Qxd5 32. Rf1 Qe5 33. Qe1 Nf3+ 0-1

[Event "Nuremberg LGA Cup 9th"]
[Site "Nuremberg"]
[Date "2012.09.08"]
[Round "5"]
[White "Kunin, Vitaly L"]
[Black "Menacher, Manfred"]
[Result "1-0"]
[WhiteElo "2511"]
[BlackElo "2288"]
[PlyCount "113"]
[EventDate "2012.09.06"]
[EventType "swiss"]
[EventRounds "7"]
[EventCountry "GER"]
[SourceTitle "CBM 150 Extra"]
[Source "ChessBase"]
[SourceDate "2012.10.19"]
[SourceVersion "1"]
[SourceVersionDate "2012.10.19"]
[SourceQuality "1"]

1. d4 d5 2. c4 c6 3. Nf3 Nf6 4. Nc3 dxc4 5. a4 Bf5 6. e3 e6 7. Bxc4 Bb4 8. 0-0 0-0 9. Qe2 h6 10. e4 Bh7 11. Bd3 Nbd7 12. Bf4 Re8 13. Rad1 Qa5 14. Nd2 Bxc3 15. bxc3 Qxc3 16. Nc4 Qxd4 17. Nd6 Qxa4 18. Ra1 Qd4 19. Nxe8 Nxe8 20. Be3 Qe5 21. f4 Qb8 22. e5 Bxd3 23. Qxd3 Nf8 24. Rfb1 Nc7 25. Bc5 Nb5 26. Kh1 Ng6 27. Qg3 Qe8 28. Rf1 b6 29. Bd6 Nd4 30. Ra6 Qc8 31. Qa3 Qb7 32. Ra4 c5 33. Qb2 Qe4 34. Qd2 a5 35. h3 Rc8 36. Ra3 b5 37. Re3 Qd5 38. Qxa5 Nh4 39. Rf2 Nhf5 40. Re1 Nxd6 41. exd6 Qxd6 42. Rd1 b4 43. Qa4 Qd5 44. Qa6 Ra8 45. Qb6 b3 46. Rb2 Qc4 47. Qb7 Qa6 48. Rxb3 Qxb7 49. Rxb7 Ne2 50. Kh2 c4 51. Rdd7 Nxf4 52. Rxf7 Nd5 53. Rxg7+ Kh8 54. Rg6 Re8 55. Rxh6+ Kg8 56. Rbh7 Nf6 57. Rc7 1-0

[Event "Regionalliga SO 1112"]
[Site "Bayern"]
[Date "2012.01.15"]
[Round "5.2"]
[White "Grawe, Christian"]
[Black "Menacher, Manfred"]
[Result "1-0"]
[WhiteElo "2171"]
[BlackElo "2275"]
[PlyCount "37"]
[EventDate "2011.10.02"]
[EventType "team-tourn"]
[EventRounds "9"]
[EventCountry "GER"]
[SourceTitle "EXT 2013"]
[Source "ChessBase"]
[SourceDate "2012.11.22"]
[SourceVersion "1"]
[SourceVersionDate "2012.11.22"]
[SourceQuality "1"]
[WhiteTeam "Unterpfaffenhofen"]
[BlackTeam "Deggendorf"]
[WhiteTeamCountry "GER"]
[BlackTeamCountry "GER"]

1. e4 d5 2. exd5 Qxd5 3. Nc3 Qa5 4. d4 Nf6 5. Nf3 Bf5 6. Bc4 e6 7. Bd2 c6 8. Nd5 Qd8 9. Nxf6+ gxf6 10. Qe2 Bxc2 11. 0-0 Be7 12. Rfe1 Qd7 13. Rac1 Bg6 14. Bh6 b5 15. Bb3 Na6 16. d5 cxd5 17. Red1 Nc5 18. Bxd5 Bd3 19. Rxd3 1-0

[Event "AUT-chT2W 1112"]
[Site "Austria"]
[Date "2011.10.09"]
[Round "3.2"]
[White "Roth, Peter"]
[Black "Menacher, Manfred"]
[Result "1-0"]
[WhiteElo "2262"]
[BlackElo "2307"]
[PlyCount "79"]
[EventDate "2011.10.07"]
[EventType "team-tourn"]
[EventRounds "11"]
[EventCountry "AUT"]
[SourceTitle "CBM 144 Extra"]
[Source "ChessBase"]
[SourceDate "2011.10.28"]
[SourceVersion "1"]
[SourceVersionDate "2011.10.28"]
[SourceQuality "1"]
[WhiteTeam "Salzburg"]
[BlackTeam "Ranshofen"]
[WhiteTeamCountry "AUT"]
[BlackTeamCountry "AUT"]

1. e4 c5 2. Nf3 e6 3. d3 Nc6 4. g3 d6 5. Bg2 g6 6. 0-0 Bg7 7. c3 Nge7 8. Be3 0-0 9. h4 Rb8 10. Qc1 b6 11. Bh6 Ba6 12. Rd1 Ne5 13. Nxe5 dxe5 14. Bxg7 Kxg7 15. Na3 Qc7 16. Nc2 Rbd8 17. Qe3 Rd7 18. Rd2 Ng8 19. Rad1 Rfd8 20. h5 f5 21. d4 f4 22. gxf4 exf4 23. Qh3 e5 24. d5 Bc8 25. Qh4 Qd6 26. Bh3 Rf7 27. Bxc8 Rxc8 28. f3 Nf6 29. Rg2 Rg8 30. Kf2 c4 31. hxg6 Qc5+ 32. Nd4 hxg6 33. Rxg6+ Kf8 34. Rxf6 exd4 35. Rxf7+ Kxf7 36. Qxf4+ Ke8 37. Qe5+ Kf7 38. Qe6+ Kf8 39. Qf6+ Ke8 40. Rxd4 1-0

[Event "Regionalliga SO 1112"]
[Site "Bayern"]
[Date "2011.10.02"]
[Round "1.2"]
[White "Vidonyak, Roman"]
[Black "Menacher, Manfred"]
[Result "1-0"]
[WhiteElo "2408"]
[BlackElo "2275"]
[PlyCount "81"]
[EventDate "2011.10.02"]
[EventType "team-tourn"]
[EventRounds "9"]
[EventCountry "GER"]
[SourceTitle "EXT 2013"]
[Source "ChessBase"]
[SourceDate "2012.11.22"]
[SourceVersion "1"]
[SourceVersionDate "2012.11.22"]
[SourceQuality "1"]
[WhiteTeam "Tegernsee"]
[BlackTeam "Deggendorf"]
[WhiteTeamCountry "GER"]
[BlackTeamCountry "GER"]

1. d4 d5 2. c4 c6 3. cxd5 cxd5 4. Bf4 Nc6 5. Nc3 Nf6 6. e3 a6 7. Rc1 e6 8. Bd3 Bd6 9. Bg3 0-0 10. Nf3 Qe7 11. Bh4 Qd8 12. 0-0 Be7 13. a3 Nd7 14. Bxe7 Qxe7 15. Na4 Rd8 16. Qc2 f5 17. b4 Qd6 18. Qc3 Na7 19. Nc5 Nb8 20. Ne5 b6 21. Nb3 Bd7 22. g4 Nb5 23. Qb2 g6 24. Nd2 fxg4 25. a4 Nc7 26. Qc2 Ne8 27. Bxg6 hxg6 28. Qxg6+ Ng7 29. Qf7+ Kh7 30. Qg6+ Kg8 31. Nxg4 Rf8 32. Nh6+ Kh8 33. Nf7+ Rxf7 34. Qxf7 Nc6 35. f4 Rf8 36. Qg6 Nf5 37. Rf3 Ng7 38. Rh3+ Kg8 39. Nf3 Rf5 40. Qh7+ Kf8 41. Ng5 1-0

[Event "AUT-chT2W 1011"]
[Site "Austria"]
[Date "2011.03.11"]
[Round "9.2"]
[White "Menacher, Manfred"]
[Black "Reich, Thomas"]
[Result "1/2-1/2"]
[WhiteElo "2290"]
[BlackElo "2350"]
[PlyCount "115"]
[EventDate "2010.10.15"]
[EventType "team-tourn"]
[EventRounds "11"]
[EventCountry "AUT"]
[SourceTitle "EXT 2012"]
[Source "ChessBase"]
[SourceDate "2011.11.24"]
[SourceVersion "1"]
[SourceVersionDate "2011.11.24"]
[SourceQuality "1"]
[WhiteTeam "Ranshofen"]
[BlackTeam "Jenbach II"]
[WhiteTeamCountry "AUT"]
[BlackTeamCountry "AUT"]

1. d4 g6 2. Nf3 Bg7 3. g3 Nf6 4. Bg2 0-0 5. c4 d6 6. 0-0 Nc6 7. Nc3 Bf5 8. h3 Ne4 9. Nd5 Bd7 10. Qc2 f5 11. e3 e5 12. Rd1 a5 13. b3 Nb4 14. Nxb4 axb4 15. dxe5 dxe5 16. Bb2 Qe7 17. c5 Bb5 18. Rd5 c6 19. Rdd1 g5 20. a4 bxa3 21. Bxa3 h5 22. Nh2 Qf7 23. g4 Nxf2 24. Qxf2 Qxb3 25. Bb2 Rxa1 26. Rxa1 fxg4 27. Qd2 gxh3 28. Bxh3 g4 29. Bg2 Qe6 30. Qb4 Qf5 31. Kh1 g3 32. Nf1 Qg5 33. Qe4 Rd8 34. Kg1 Bd3 35. Qb4 h4 36. Rd1 Bf5 37. Rxd8+ Qxd8 38. Qxb7 h3 39. Qb3+ Kh7 40. Bxc6 Qg5 41. e4 h2+ 42. Nxh2 gxh2+ 43. Kxh2 Qh6+ 44. Kg1 Bh3 45. Qg3 Bf8 46. Ba3 Be6 47. Bd5 Bxd5 48. exd5 Bxc5+ 49. Bxc5 Qc1+ 50. Kh2 Qxc5 51. Qxe5 Kg6 52. Kh3 Qc8+ 53. Kg3 Qf5 54. Qe8+ Kf6 55. Qc6+ Ke5 56. Qc4 Qg6+ 57. Kf3 Qf7+ 58. Ke3 1/2-1/2

[Event "Nuremberg LGA Cup 7th"]
[Site "Nuremberg"]
[Date "2010.09.05"]
[Round "7"]
[White "Demel, Paul"]
[Black "Menacher, Manfred"]
[Result "1-0"]
[WhiteElo "2094"]
[BlackElo "2250"]
[PlyCount "93"]
[EventDate "2010.09.02"]
[EventType "swiss"]
[EventRounds "7"]
[EventCountry "GER"]
[SourceTitle "CBM 138 Extra"]
[Source "ChessBase"]
[SourceDate "2010.10.29"]
[SourceVersion "1"]
[SourceVersionDate "2010.10.29"]
[SourceQuality "1"]

1. Nf3 c5 2. c4 Nf6 3. Nc3 b6 4. g3 Bb7 5. Bg2 e6 6. 0-0 Be7 7. Re1 d5 8. cxd5 exd5 9. d4 0-0 10. Bf4 Na6 11. Rc1 Re8 12. dxc5 Nxc5 13. Be5 Ne6 14. e3 Ng4 15. Bd4 Nxd4 16. Nxd4 Nf6 17. Re2 Rc8 18. Rec2 Qd7 19. Qf1 Ra8 20. Bh3 Qd8 21. Ncb5 Bc5 22. b4 Bxd4 23. Nxd4 Ne4 24. Qb5 Qf6 25. Bd7 Red8 26. Bc6 Rab8 27. Bxb7 Rxb7 28. Nc6 Rd6 29. Nxa7 h5 30. Nc6 h4 31. Nd4 hxg3 32. hxg3 Qg5 33. Kg2 Rh6 34. Qe2 Rd7 35. Rc6 g6 36. Rc8+ Kh7 37. Rh1 Ra7 38. Rxh6+ Kxh6 39. Nf3 Qg4 40. Rh8+ Kg7 41. Qb2+ f6 42. Rb8 Qe6 43. Nd4 Qd6 44. Rd8 Qe5 45. Qc2 Qh5 46. Ne6+ Kh7 47. Qc8 1-0

[Event "Nuremberg LGA Cup 7th"]
[Site "Nuremberg"]
[Date "2010.09.04"]
[Round "4"]
[White "Menacher, Manfred"]
[Black "Klek, Hanna Marie"]
[Result "1-0"]
[WhiteElo "2290"]
[BlackElo "2169"]
[PlyCount "73"]
[EventDate "2010.09.02"]
[EventType "swiss"]
[EventRounds "7"]
[EventCountry "GER"]
[SourceTitle "CBM 138 Extra"]
[Source "ChessBase"]
[SourceDate "2010.10.29"]
[SourceVersion "1"]
[SourceVersionDate "2010.10.29"]
[SourceQuality "1"]

1. Nf3 Nf6 2. c4 g6 3. g3 Bg7 4. Bg2 0-0 5. 0-0 d6 6. d4 c6 7. Nc3 Qb6 8. b3 e5 9. dxe5 dxe5 10. Bb2 e4 11. Ng5 e3 12. f4 Rd8 13. Qc1 Rd2 14. Nf3 Ne4 15. Na4 Qb4 16. Bxg7 Kxg7 17. Nxd2 Nxd2 18. Rd1 Qe7 19. Qc3+ Kg8 20. Qe5 Qxe5 21. fxe5 Nd7 22. e6 fxe6 23. Rac1 Nf6 24. Rc3 Ng4 25. h3 Nf2 26. Rdc1 e5 27. Rxe3 Nxh3+ 28. Kh2 Nf2 29. Kg1 Nh3+ 30. Bxh3 Bxh3 31. Rxe5 Kf7 32. Kf2 Kf6 33. Re3 Kg5 34. Rh1 Kg4 35. Ke1 Rd8 36. Nc5 g5 37. Nd3 1-0

[Event "Nuremberg LGA Cup 7th"]
[Site "Nuremberg"]
[Date "2010.09.02"]
[Round "1"]
[White "Adelhuette, Dennis"]
[Black "Menacher, Manfred"]
[Result "0-1"]
[WhiteElo "1942"]
[BlackElo "2290"]
[PlyCount "80"]
[EventDate "2010.09.02"]
[EventType "swiss"]
[EventRounds "7"]
[EventCountry "GER"]
[SourceTitle "CBM 138 Extra"]
[Source "ChessBase"]
[SourceDate "2010.10.29"]
[SourceVersion "1"]
[SourceVersionDate "2010.10.29"]
[SourceQuality "1"]

1. e4 c5 2. Nf3 e6 3. d4 cxd4 4. Nxd4 a6 5. c4 Qc7 6. Nc3 Nf6 7. Bd3 Nc6 8. Nxc6 dxc6 9. 0-0 e5 10. a3 Be6 11. Bg5 Be7 12. Qe2 0-0 13. b4 Rad8 14. Rfd1 a5 15. Rab1 axb4 16. axb4 Ng4 17. Bxe7 Qxe7 18. h3 Nf6 19. c5 Rd4 20. Qe3 Rfd8 21. Ne2 R4d7 22. Nc3 Nh5 23. b5 Nf4 24. Bf1 h6 25. Rxd7 Rxd7 26. bxc6 bxc6 27. Rb8+ Kh7 28. Rc8 Qg5 29. g4 Rd3 30. Bxd3 Bxc8 31. Bf1 h5 32. Qg3 hxg4 33. f3 Nh5 34. Qf2 gxf3+ 35. Kh2 Qf4+ 36. Kg1 Ng3 37. Nd1 Nxf1 38. Qxf1 Qg3+ 39. Kh1 Bxh3 40. Qg1 Bg2+ 0-1

[Event "Solingen Karneval op"]
[Site "Solingen"]
[Date "2010.02.13"]
[Round "3"]
[White "Menacher, Manfred"]
[Black "Zaitsev, Mikhail"]
[Result "1/2-1/2"]
[WhiteElo "2264"]
[BlackElo "2500"]
[PlyCount "29"]
[EventDate "2010.02.12"]
[EventType "swiss"]
[EventRounds "5"]
[EventCountry "GER"]
[SourceTitle "CBM 134 Extra"]
[Source "ChessBase"]
[SourceDate "2010.03.03"]
[SourceVersion "1"]
[SourceVersionDate "2010.03.03"]
[SourceQuality "1"]

1. c4 e5 2. g3 Nf6 3. Bg2 c6 4. d4 exd4 5. Qxd4 d5 6. Nf3 Be7 7. cxd5 cxd5 8. 0-0 Nc6 9. Qa4 0-0 10. Nc3 Qb6 11. Qb5 d4 12. Qxb6 axb6 13. Nb5 Rd8 14. Rd1 Bc5 15. Bd2 1/2-1/2

[Event "AUT-chT2W 0910"]
[Site "Austria"]
[Date "2010.01.30"]
[Round "7.2"]
[White "Menacher, Manfred"]
[Black "Herbrechtsmeier, Christof"]
[Result "1/2-1/2"]
[WhiteElo "2274"]
[BlackElo "2268"]
[PlyCount "79"]
[EventDate "2009.10.23"]
[EventType "team-tourn"]
[EventRounds "11"]
[EventCountry "AUT"]
[SourceTitle "EXT 2011"]
[Source "ChessBase"]
[SourceDate "2010.11.26"]
[SourceVersion "1"]
[SourceVersionDate "2010.11.26"]
[SourceQuality "1"]
[WhiteTeam "Ranshofen"]
[BlackTeam "Bregenz"]
[WhiteTeamCountry "AUT"]
[BlackTeamCountry "AUT"]

1. e4 d6 2. d4 Nf6 3. Nc3 e5 4. dxe5 dxe5 5. Qxd8+ Kxd8 6. f4 Bb4 7. Bd3 exf4 8. Bxf4 Be6 9. 0-0-0 Nbd7 10. Nb5 Ba5 11. Nf3 Bb6 12. Rhe1 h6 13. h3 Kc8 14. Nfd4 g5 15. Nxe6 gxf4 16. Nxf4 Ne5 17. c3 c6 18. Nd4 Kc7 19. Bc2 Nfd7 20. Re2 Rae8 21. Kb1 Ng6 22. Nh5 Nde5 23. Bb3 Rd8 24. Rf2 c5 25. Nb5+ Kb8 26. Bd5 a6 27. Na3 Rhe8 28. Ng7 Rg8 29. Nf5 Rh8 30. Kc2 Bc7 31. Ne3 Ne7 32. Nac4 N7g6 33. a4 b5 34. Nxe5 Nxe5 35. axb5 axb5 36. Ra1 Bb6 37. Ng4 Nxg4 38. hxg4 Rh7 39. Rf6 Ba7 40. Ra5 1/2-1/2

[Event "Landesliga Nord 0910"]
[Site "Bayern"]
[Date "2010.01.24"]
[Round "5.1"]
[White "Menacher, Manfred"]
[Black "Seidens, Udo"]
[Result "1-0"]
[WhiteElo "2270"]
[BlackElo "2172"]
[PlyCount "41"]
[EventDate "2009.10.18"]
[EventType "team-tourn"]
[EventRounds "9"]
[EventCountry "GER"]
[SourceTitle "EXT 2011"]
[Source "ChessBase"]
[SourceDate "2010.11.26"]
[SourceVersion "1"]
[SourceVersionDate "2010.11.26"]
[SourceQuality "1"]
[WhiteTeam "Kelheim"]
[BlackTeam "Schweinfurt"]
[WhiteTeamCountry "GER"]
[BlackTeamCountry "GER"]

1. c4 Nf6 2. Nc3 d5 3. cxd5 Nxd5 4. g3 c5 5. Bg2 Nc7 6. Nf3 Nc6 7. 0-0 e5 8. d3 Be7 9. Nd2 Qd7 10. Nc4 f6 11. f4 b5 12. Ne3 Rb8 13. Nf5 0-0 14. Nxe7+ Nxe7 15. fxe5 Qd4+ 16. Kh1 fxe5 17. Rxf8+ Kxf8 18. Qf1+ Kg8 19. Bg5 Ned5 20. Nxd5 Nxd5 21. e3 1-0

[Event "Donau op 18th"]
[Site "Aschach"]
[Date "2009.12.31"]
[Round "7"]
[White "Klek, Hanna Marie"]
[Black "Menacher, Manfred"]
[Result "1-0"]
[WhiteElo "2081"]
[BlackElo "2264"]
[PlyCount "65"]
[EventDate "2009.12.26"]
[EventType "swiss"]
[EventRounds "7"]
[EventCountry "AUT"]
[SourceTitle "CBM 134 Extra"]
[Source "ChessBase"]
[SourceDate "2010.03.03"]
[SourceVersion "1"]
[SourceVersionDate "2010.03.03"]
[SourceQuality "1"]

1. e4 c5 2. Nf3 e6 3. d4 cxd4 4. Nxd4 a6 5. c4 Nf6 6. Nc3 Qc7 7. Be3 Bb4 8. f3 d5 9. Qa4+ Nc6 10. Nxc6 Bxc3+ 11. bxc3 bxc6 12. cxd5 exd5 13. Bd4 0-0 14. Bxf6 gxf6 15. Bd3 Qb6 16. Qd4 c5 17. Qf2 Qa5 18. Qd2 c4 19. Bc2 Rd8 20. Rd1 Bb7 21. e5 Re8 22. 0-0 Qb6+ 23. Kh1 fxe5 24. Qg5+ Kf8 25. Bxh7 Re6 26. Rb1 Qc7 27. f4 e4 28. f5 Re5 29. Qg3 Ra7 30. f6 Ke8 31. Qg8+ Kd7 32. Qxf7+ Kc6 33. Qxc7+ 1-0

[Event "Nuremberg LGA Cup 6th"]
[Site "Nuremberg"]
[Date "2009.09.06"]
[Round "7"]
[White "Haubold, Martin"]
[Black "Menacher, Manfred"]
[Result "0-1"]
[WhiteElo "2065"]
[BlackElo "2274"]
[PlyCount "128"]
[EventDate "2009.09.03"]
[EventType "swiss"]
[EventRounds "7"]
[EventCountry "GER"]
[SourceTitle "CBM 132 Extra"]
[Source "ChessBase"]
[SourceDate "2009.11.03"]
[SourceVersion "1"]
[SourceVersionDate "2009.11.03"]
[SourceQuality "1"]

1. c4 Nc6 2. d4 Nf6 3. Nc3 e5 4. d5 Ne7 5. e4 Ng6 6. Bd3 Bc5 7. Bg5 h6 8. Bxf6 Qxf6 9. Qf3 Nf4 10. 0-0-0 Qg5 11. Kb1 Qxg2 12. Qxg2 Nxg2 13. Nf3 d6 14. Rhg1 Bg4 15. Be2 Bxf3 16. Bxf3 Nh4 17. Be2 g5 18. Rgf1 Ke7 19. a3 a5 20. Nb5 c6 21. Nc3 Bd4 22. Na2 Ng2 23. Bf3 Nh4 24. Be2 Rhf8 25. Nc1 a4 26. Nd3 f5 27. dxc6 bxc6 28. Nb4 Kd7 29. exf5 Kc7 30. Bg4 Nxf5 31. Nc2 Bc5 32. Rd3 Nh4 33. Ne3 Rf4 34. Bh5 Raf8 35. Ng4 Rxc4 36. Rfd1 e4 37. R3d2 Nf5 38. Re1 Bb6 39. Rde2 d5 40. Ne5 Rc5 41. Ng6 Rf6 42. Ne5 Nd4 43. Rd2 Ba5 44. Rxd4 Bxe1 45. Ng4 Rd6 46. Rxa4 d4 47. Ra7+ Kd8 48. Ra8+ Kd7 49. b4 Rf5 50. Ra7+ Ke6 51. Nxh6 Rxf2 52. Bg4+ Kd5 53. Nf5 Rd8 54. Ne7+ Kd6 55. Nf5+ Ke5 56. Ne7 Kf4 57. h3 Rd6 58. Ra5 Rf6 59. Ng8 Rf8 60. Ne7 Ke3 61. Nxc6 Bc3 62. Bd1 Rd2 63. Rxg5 Rf1 64. Rg3+ Kf2 0-1

[Event "Nuremberg LGA Cup 6th"]
[Site "Nuremberg"]
[Date "2009.09.05"]
[Round "4"]
[White "Menacher, Manfred"]
[Black "Woerl, Richard"]
[Result "1-0"]
[WhiteElo "2274"]
[BlackElo "2025"]
[PlyCount "59"]
[EventDate "2009.09.03"]
[EventType "swiss"]
[EventRounds "7"]
[EventCountry "GER"]
[SourceTitle "CBM 132 Extra"]
[Source "ChessBase"]
[SourceDate "2009.11.03"]
[SourceVersion "1"]
[SourceVersionDate "2009.11.03"]
[SourceQuality "1"]

1. d4 d5 2. c4 e6 3. Nc3 Nf6 4. cxd5 exd5 5. Bg5 Be7 6. e3 c6 7. Qc2 Bg4 8. Bd3 Nbd7 9. Nge2 Bxe2 10. Bxe2 Ne4 11. Nxe4 dxe4 12. Bf4 Qa5+ 13. Kf1 Nf6 14. g4 h6 15. Be5 0-0 16. h4 Nd7 17. Qxe4 Rae8 18. Bd3 f5 19. gxf5 Bf6 20. f4 Nxe5 21. dxe5 Bxe5 22. fxe5 Rxe5 23. Qc4+ Kh8 24. e4 Rd8 25. Rh2 Rc5 26. Qb3 Qc7 27. Rg2 Qf4+ 28. Ke2 Rb5 29. Qc3 Rxd3 30. Qxg7# 1-0

[Event "Nuremberg LGA Cup 6th"]
[Site "Nuremberg"]
[Date "2009.09.04"]
[Round "3"]
[White "Hertneck, Gerald"]
[Black "Menacher, Manfred"]
[Result "1-0"]
[WhiteElo "2513"]
[BlackElo "2274"]
[PlyCount "71"]
[EventDate "2009.09.03"]
[EventType "swiss"]
[EventRounds "7"]
[EventCountry "GER"]
[SourceTitle "CBM 132 Extra"]
[Source "ChessBase"]
[SourceDate "2009.11.03"]
[SourceVersion "1"]
[SourceVersionDate "2009.11.03"]
[SourceQuality "1"]

1. d4 Nf6 2. c4 Nc6 3. Nf3 e6 4. a3 d6 5. Nc3 g6 6. g3 Bg7 7. Bg2 0-0 8. 0-0 Re8 9. e3 e5 10. d5 Ne7 11. e4 Nh5 12. Ne1 Bd7 13. Bd2 Rf8 14. b4 Qe8 15. a4 a6 16. Nd3 f5 17. f3 Nf6 18. c5 h6 19. Qb3 Kh8 20. b5 g5 21. Qb4 fxe4 22. fxe4 Nc8 23. c6 bxc6 24. bxc6 Bg4 25. h3 Bh5 26. Be3 Ne7 27. Rab1 Bg6 28. Qc4 Nh5 29. Rxf8+ Qxf8 30. Bf2 g4 31. Rb7 Qc8 32. h4 Bf6 33. Ne2 Bf7 34. Nb4 a5 35. Na6 Nxc6 36. Qxc6 1-0